[Event "ESP-ch U18"]
[Site "Gran Canaria"]
[Date "2002.06.09"]
[Round "1.1"]
[White "Cuenca Jimenez, Jose Fernando"]
[Black "Eyo Castro Rial, Alberto"]
[Result "1-0"]
[WhiteElo "2123"]
[BlackElo "2166"]
[PlyCount "61"]
[EventDate "2002.06.09"]
[EventType "team"]
[EventRounds "5"]
[EventCountry "ESP"]
[SourceTitle "CBM 088 Extra"]
[Source "ChessBase"]
[SourceDate "2002.07.01"]
[SourceVersion "2"]
[SourceVersionDate "2002.07.01"]
[SourceQuality "1"]

1. c4 f5 2. Nc3 Nf6 3. g3 g6 4. Bg2 d6 5. d3 Bg7 6. e4 c6 7. Nge2 O-O 8. O-O e5
9. exf5 Bxf5 10. d4 Nfd7 11. d5 Qe7 12. dxc6 bxc6 13. Nb5 cxb5 14. Bxa8 bxc4
15. Bd5+ Be6 16. Nc3 Nb6 17. Bg5 Qf7 18. Bxe6 Qxe6 19. Be3 Nc6 20. Bxb6 axb6
21. Qd5 Qxd5 22. Nxd5 b5 23. a4 Rb8 24. Rfd1 b4 25. Rac1 Na5 26. Ne3 e4 27.
Nxc4 Nxc4 28. Rxc4 Rb6 29. b3 Be5 30. Rxe4 Rc6 31. Rxb4 1-0

[Event "ESP-ch U18"]
[Site "Gran Canaria"]
[Date "2002.06.10"]
[Round "2.1"]
[White "Cuenca Jimenez, Jose Fernando"]
[Black "Guerrero Olmos, Sergio"]
[Result "1-0"]
[WhiteElo "2123"]
[BlackElo "2199"]
[PlyCount "77"]
[EventDate "2002.06.09"]
[EventType "team"]
[EventRounds "5"]
[EventCountry "ESP"]
[SourceTitle "CBM 088 Extra"]
[Source "ChessBase"]
[SourceDate "2002.07.01"]
[SourceVersion "2"]
[SourceVersionDate "2002.07.01"]
[SourceQuality "1"]

1. c4 e5 2. g3 Nc6 3. Bg2 f5 4. d3 Nf6 5. Nc3 Bb4 6. Bd2 O-O 7. Nd5 Bxd2+ 8.
Qxd2 d6 9. e3 Be6 10. Ne2 Bxd5 11. cxd5 Ne7 12. Qc2 c6 13. dxc6 bxc6 14. O-O
Qd7 15. Rac1 Rac8 16. Qa4 Rc7 17. Rc2 Rfc8 18. Rfc1 d5 19. b4 c5 20. Qxd7 Nxd7
21. d4 exd4 22. Nxd4 a6 23. Ne6 Rc6 24. Nxc5 Kf7 25. Bf1 Nxc5 26. Rxc5 Rxc5 27.
Rxc5 Rxc5 28. bxc5 a5 29. Bb5 Ke6 30. Kf1 Ng8 31. Ke2 Nf6 32. f3 g5 33. Kd3 g4
34. fxg4 Nxg4 35. h3 Nf2+ 36. Kd4 Ne4 37. Bc6 Nf6 38. Bb7 a4 39. Bc8+ 1-0

[Event "ESP-ch U18"]
[Site "Gran Canaria"]
[Date "2002.06.11"]
[Round "3.1"]
[White "Berzal Llorente, Jorge"]
[Black "Cuenca Jimenez, Jose Fernando"]
[Result "0-1"]
[WhiteElo "2078"]
[BlackElo "2123"]
[PlyCount "48"]
[EventDate "2002.06.09"]
[EventType "team"]
[EventRounds "5"]
[EventCountry "ESP"]
[SourceTitle "CBM 088 Extra"]
[Source "ChessBase"]
[SourceDate "2002.07.01"]
[SourceVersion "2"]
[SourceVersionDate "2002.07.01"]
[SourceQuality "1"]

1. e4 c5 2. Nf3 g6 3. d4 cxd4 4. Nxd4 Nf6 5. Nc3 Nc6 6. Be3 Bg7 7. Bc4 O-O 8.
f3 Qb6 9. Bb3 Nxe4 10. Nd5 Qa5+ 11. c3 Nf6 12. Nxc6 dxc6 13. Nxe7+ Kh8 14. Nxc8
Raxc8 15. O-O c5 16. Qe2 Rfe8 17. Rfe1 c4 18. Bc2 Qb5 19. Rab1 Bf8 20. Qd1 Rxe3
21. Rxe3 Bc5 22. Qd2 Nd5 23. Rbe1 Nxe3 24. Rxe3 Qb6 0-1

[Event "ESP-ch U18"]
[Site "Gran Canaria"]
[Date "2002.06.12"]
[Round "4.1"]
[White "Cuenca Jimenez, Jose Fernando"]
[Black "Oms Fuentes, Lluis"]
[Result "1/2-1/2"]
[WhiteElo "2123"]
[BlackElo "2084"]
[PlyCount "97"]
[EventDate "2002.06.09"]
[EventType "team"]
[EventRounds "5"]
[EventCountry "ESP"]
[SourceTitle "CBM 088 Extra"]
[Source "ChessBase"]
[SourceDate "2002.07.01"]
[SourceVersion "2"]
[SourceVersionDate "2002.07.01"]
[SourceQuality "1"]

1. c4 e6 2. Nc3 d5 3. d4 c5 4. cxd5 exd5 5. Nf3 Nc6 6. g3 Nf6 7. Bg2 Be7 8. O-O
O-O 9. dxc5 Bxc5 10. Bg5 d4 11. Bxf6 Qxf6 12. Ne4 Qe7 13. Nxc5 Qxc5 14. Rc1 Qb6
15. Qd2 Bg4 16. a3 Rad8 17. b4 Rfe8 18. Qf4 Bh5 19. Qg5 Bxf3 20. Bxf3 Ne5 21.
Bg2 Qa6 22. Qd2 b5 23. Rc5 Qb6 24. Qg5 f6 25. Qf5 a6 26. Rfc1 d3 27. Bd5+ Rxd5
28. Rxd5 dxe2 29. Qe4 Qb7 30. Re1 f5 31. Qxe5 Rxe5 32. Rxe5 h6 33. R5xe2 Qf3
34. Re3 Qg4 35. Kg2 f4 36. Rf3 g5 37. Rc1 Qf5 38. Rc5 Qe4 39. g4 Kf7 40. Rc7+
Kg6 41. h3 h5 42. gxh5+ Kxh5 43. Rc5 Kh4 44. Rc8 Kh5 45. Rcc3 g4 46. hxg4+ Kxg4
47. Rcd3 Qc6 48. Rc3 Qb7 49. Rcd3 1/2-1/2

[Event "ESP-ch U16"]
[Site "Formigal"]
[Date "2002.??.??"]
[Round "5.7"]
[White "Abuin Boullon, Manuel Angel"]
[Black "Cuenca Jimenez, Jose Fernando"]
[Result "0-1"]
[WhiteElo "2034"]
[BlackElo "2123"]
[PlyCount "71"]
[EventDate "2002.07.05"]
[EventType "swiss"]
[EventRounds "8"]
[EventCountry "ESP"]
[SourceTitle "EXT 2003"]
[Source "ChessBase"]
[SourceDate "2002.11.25"]
[SourceVersion "1"]
[SourceVersionDate "2002.11.25"]
[SourceQuality "1"]

1. e4 c5 2. Nf3 Nc6 3. d4 cxd4 4. Nxd4 Nf6 5. Nc3 g6 6. g3 Bg7 7. Nde2 O-O 8.
Bg2 d6 9. O-O Bd7 10. h3 a6 11. a4 Na5 12. Nd5 Nxd5 13. exd5 Rc8 14. Re1 Re8
15. Ra2 Qc7 16. b3 b5 17. axb5 axb5 18. Be3 Ra8 19. Nd4 Nb7 20. Rxa8 Rxa8 21.
Qe2 Qc3 22. Nc6 Bf6 23. Rd1 Nc5 24. Bf4 Kg7 25. b4 Na4 26. Qxb5 Bf5 27. Qb7 Re8
28. Rc1 Qb2 29. c4 Nc3 30. Re1 Ne2+ 31. Kh2 Nxf4 32. gxf4 Qd2 33. Re3 Qxf2 34.
Rf3 Qe2 35. Qa7 Be4 36. Re3 0-1

[Event "ESP-ch U16"]
[Site "Formigal"]
[Date "2002.??.??"]
[Round "6.5"]
[White "Cuenca Jimenez, Jose Fernando"]
[Black "Jimenez Lopez, Antonio"]
[Result "1/2-1/2"]
[WhiteElo "2123"]
[BlackElo "2079"]
[PlyCount "61"]
[EventDate "2002.07.05"]
[EventType "swiss"]
[EventRounds "8"]
[EventCountry "ESP"]
[SourceTitle "EXT 2003"]
[Source "ChessBase"]
[SourceDate "2002.11.25"]
[SourceVersion "1"]
[SourceVersionDate "2002.11.25"]
[SourceQuality "1"]

1. Nf3 g6 2. g3 Bg7 3. Bg2 d6 4. d4 Nf6 5. O-O O-O 6. a4 c5 7. c3 Nc6 8. dxc5
dxc5 9. Be3 Qa5 10. Nbd2 Be6 11. Ng5 Nd5 12. Nxe6 Nxe3 13. fxe3 fxe6 14. Qb3
Nd8 15. Rxf8+ Kxf8 16. Nc4 Qc7 17. Qb5 Nf7 18. Qxb7 Qxb7 19. Bxb7 Rb8 20. Ba6
Nd6 21. Ra2 Ke8 22. Nd2 Nf5 23. Nf1 Nd6 24. Kf2 Kd7 25. Bd3 c4 26. Bc2 a5 27.
e4 Kc6 28. Ne3 Kc5 29. Nd1 Bh6 30. Ra1 Nf7 31. Rb1 1/2-1/2

[Event "ESP-ch U16"]
[Site "Formigal"]
[Date "2002.??.??"]
[Round "7.4"]
[White "Cuenca Jimenez, Jose Fernando"]
[Black "Gomez Gomez, Francisco Jose"]
[Result "1-0"]
[WhiteElo "2123"]
[BlackElo "2056"]
[PlyCount "112"]
[EventDate "2002.07.05"]
[EventType "swiss"]
[EventRounds "8"]
[EventCountry "ESP"]
[SourceTitle "EXT 2003"]
[Source "ChessBase"]
[SourceDate "2002.11.25"]
[SourceVersion "1"]
[SourceVersionDate "2002.11.25"]
[SourceQuality "1"]

1. c4 e5 2. g3 Nc6 3. Bg2 g6 4. Nc3 Bg7 5. d3 f5 6. e3 Nf6 7. Nge2 d6 8. O-O
O-O 9. Rb1 h6 10. Nd5 Ne7 11. b4 g5 12. f4 Nexd5 13. cxd5 Kh8 14. Qb3 Qe8 15.
Nc3 Bd7 16. b5 gxf4 17. exf4 e4 18. Re1 Ng4 19. Qc4 Qh5 20. h3 Nf6 21. Be3 Qg6
22. Ne2 exd3 23. Qxd3 Ne4 24. Bd4 Rae8 25. Rbc1 Nc5 26. Bxg7+ Kxg7 27. Qc4 Re3
28. Rc3 Rfe8 29. Rxe3 Rxe3 30. Kf2 Ra3 31. Rb1 Kg8 32. Kg1 Ra4 33. Qc2 Ra5 34.
Qc4 Ra4 35. Qc2 Ra5 36. Kh2 Rxb5 37. Rxb5 Bxb5 38. Ng1 Bd3 39. Qd2 Be4 40. Bf1
Bb1 41. a3 Qxg3+ 42. Kxg3 Ne4+ 43. Kh4 Nxd2 44. Bb5 Be4 45. Bd7 Kg7 46. Kh5 Nf3
47. Ne2 Bxd5 48. Bxf5 Ne5 49. fxe5 dxe5 50. Kg4 c5 51. Nc3 Bb3 52. Be4 b6 53.
Kf5 a6 54. Bc6 Bc4 55. Kxe5 Kf7 56. Na4 b5 1-0

[Event "Albacete op 10th"]
[Site "Albacete"]
[Date "2002.09.01"]
[Round "1"]
[White "Cuenca Jimenez, Jose Fernando"]
[Black "Herrera, Irisberto"]
[Result "0-1"]
[WhiteElo "2178"]
[BlackElo "2483"]
[PlyCount "56"]
[EventDate "2002.09.01"]
[EventType "swiss"]
[EventRounds "9"]
[EventCountry "ESP"]
[SourceTitle "EXT 2003"]
[Source "ChessBase"]
[SourceDate "2002.11.25"]
[SourceVersion "1"]
[SourceVersionDate "2002.11.25"]
[SourceQuality "1"]

1. c4 c5 2. g3 Nc6 3. Bg2 g6 4. Nc3 Bg7 5. e4 d6 6. Nge2 e6 7. O-O Nge7 8. d3
a6 9. Rb1 O-O 10. a3 Nd4 11. f4 f5 12. Be3 Rb8 13. b4 Bd7 14. a4 b6 15. b5 axb5
16. Bxd4 cxd4 17. Nxb5 fxe4 18. dxe4 e5 19. Qd3 Be6 20. Rfc1 Nc6 21. Qa3 Bg4
22. Bf3 Bxf3 23. Qxf3 Qe7 24. c5 dxc5 25. Qb3+ Kh8 26. Na3 Nb4 27. Nb5 d3 28.
Nec3 exf4 0-1

[Event "Albacete op 10th"]
[Site "Albacete"]
[Date "2002.09.05"]
[Round "7"]
[White "Cuenca Jimenez, Jose Fernando"]
[Black "Alvarez Ibarra, Rafael"]
[Result "0-1"]
[WhiteElo "2178"]
[BlackElo "2425"]
[PlyCount "71"]
[EventDate "2002.09.01"]
[EventType "swiss"]
[EventRounds "9"]
[EventCountry "ESP"]
[SourceTitle "EXT 2003"]
[Source "ChessBase"]
[SourceDate "2002.11.25"]
[SourceVersion "1"]
[SourceVersionDate "2002.11.25"]
[SourceQuality "1"]

1. e4 e5 2. Nf3 Nc6 3. Bb5 a6 4. Ba4 Nf6 5. d4 exd4 6. O-O Be7 7. Re1 b5 8. Bb3
d6 9. Bd5 Nxd5 10. exd5 Ne5 11. Nxd4 Bg4 12. f3 Bd7 13. a4 O-O 14. Nc3 bxa4 15.
Qe2 Re8 16. Qf2 Rb8 17. Ne4 Rb4 18. Rd1 Qa8 19. Bd2 Rxb2 20. Bc3 Rbb8 21. Qg3
Ng6 22. f4 Bh4 23. Qf3 f5 24. Ng5 Bxg5 25. fxg5 Re5 26. Ne2 Re7 27. Nd4 Rbe8
28. Nxf5 Rf7 29. g4 Ref8 30. Rf1 Nh4 31. Qe4 Nxf5 32. gxf5 Rxf5 33. Rxf5 Rxf5
34. Rd1 Rxg5+ 35. Kh1 Be6 36. h4 0-1

[Event "Albacete op 10th"]
[Site "Albacete"]
[Date "2002.09.07"]
[Round "9"]
[White "Cuenca Jimenez, Jose Fernando"]
[Black "Moreno Trujillo, Alejandro"]
[Result "1-0"]
[WhiteElo "2178"]
[BlackElo "2353"]
[PlyCount "103"]
[EventDate "2002.09.01"]
[EventType "swiss"]
[EventRounds "9"]
[EventCountry "ESP"]
[SourceTitle "EXT 2003"]
[Source "ChessBase"]
[SourceDate "2002.11.25"]
[SourceVersion "1"]
[SourceVersionDate "2002.11.25"]
[SourceQuality "1"]

1. e4 c5 2. c4 Nc6 3. Nc3 g6 4. g3 Bg7 5. Bg2 e6 6. Nge2 Nge7 7. O-O O-O 8. Rb1
b6 9. d3 Bb7 10. Be3 d6 11. d4 cxd4 12. Nxd4 a6 13. h3 Qc7 14. b3 Rab8 15. Rc1
Qd7 16. Qd2 Rfd8 17. Rfd1 Ba8 18. Kh2 Nxd4 19. Bxd4 e5 20. Be3 b5 21. c5 Nc8
22. Nd5 Bxd5 23. exd5 dxc5 24. Rxc5 Ne7 25. Qa5 Qd6 26. Rc7 Rdc8 27. Ra7 Ra8
28. Rxa8 Rxa8 29. b4 Nf5 30. Bc5 Qd8 31. Bb6 Qd7 32. d6 Rc8 33. Qxa6 Nd4 34.
Bc7 Bf8 35. Qb6 Qf5 36. Rxd4 exd4 37. Qxd4 Qd7 38. Qb6 Bxd6 39. Bxd6 h5 40. h4
Re8 41. Bc5 Re6 42. Qb7 Qe8 43. Qa8 Qxa8 44. Bxa8 Kg7 45. Bg2 Kf6 46. Bf1 Ra6
47. Bxb5 Rxa2 48. Bc6 Rc2 49. Bd4+ Ke6 50. b5 f6 51. Bg2 Rc4 52. Be3 1-0

[Event "Andalucia-ch"]
[Site "Torremolinos"]
[Date "2003.05.24"]
[Round "6.1"]
[White "Garcia Luque, Agustin"]
[Black "Cuenca Jimenez, Jose Fernando"]
[Result "1-0"]
[WhiteElo "2409"]
[BlackElo "2227"]
[PlyCount "55"]
[EventDate "2003.05.24"]
[EventType "swiss"]
[EventRounds "8"]
[EventCountry "ESP"]
[SourceTitle "EXT 2004"]
[Source "ChessBase"]
[SourceDate "2003.11.25"]
[SourceVersion "1"]
[SourceVersionDate "2003.11.25"]
[SourceQuality "1"]

1. e4 d5 2. exd5 Qxd5 3. Nc3 Qa5 4. h3 Nf6 5. Nf3 c6 6. Bd3 e5 7. O-O Bd6 8.
Re1 O-O 9. b4 Qxb4 10. Nxe5 Qf4 11. Nf3 Nbd7 12. Ne4 Nxe4 13. Bxe4 Ne5 14. Nxe5
Bxe5 15. Bxh7+ Kxh7 16. Qh5+ Kg8 17. Rxe5 Be6 18. d3 Qd4 19. Rb1 Bxa2 20. Rxb7
Qa1 21. Qg5 Rfe8 22. Rxa7 Rxe5 23. Rxa8+ Kh7 24. Qd2 Rb5 25. Kh2 Rb1 26. Qg5
Rb5 27. Qh4+ Kg6 28. Qe4+ 1-0

[Event "Andalucia-ch"]
[Site "Torremolinos"]
[Date "2003.05.24"]
[Round "6.9"]
[White "Cuenca Jimenez, Jose Fernando"]
[Black "Medina Carrasco, Santiago"]
[Result "0-1"]
[WhiteElo "2227"]
[BlackElo "2205"]
[PlyCount "66"]
[EventDate "2003.05.24"]
[EventType "swiss"]
[EventRounds "8"]
[EventCountry "ESP"]
[SourceTitle "EXT 2004"]
[Source "ChessBase"]
[SourceDate "2003.11.25"]
[SourceVersion "1"]
[SourceVersionDate "2003.11.25"]
[SourceQuality "1"]

1. c4 c6 2. g3 d5 3. Qc2 Nf6 4. Bg2 g6 5. b3 Bg7 6. Bb2 O-O 7. Nf3 Na6 8. a3
Bf5 9. d3 Qc8 10. Nbd2 Bh3 11. O-O Rd8 12. Rac1 Qg4 13. Rfd1 Nc7 14. e4 Ne6 15.
Ne5 Qh5 16. f4 Bxg2 17. Kxg2 Qe2+ 18. Kg1 dxe4 19. dxe4 Nd4 20. Bxd4 Rxd4 21.
Nef3 Ng4 22. Rf1 Ne3 23. Rf2 Qxf2+ 24. Kxf2 Nxc2 25. Rxc2 Rd3 26. Ke2 Rad8 27.
Ne1 Rc3 28. e5 Rxc2 29. Nxc2 f6 30. exf6 exf6 31. Ne4 f5 32. Nc5 Bc3 33. Nd3
Kf7 0-1

[Event "Andalucia-ch"]
[Site "Torremolinos"]
[Date "2003.05.24"]
[Round "7.5"]
[White "Cuenca Jimenez, Jose Fernando"]
[Black "Munoz Moreno, Francisco Javier"]
[Result "1/2-1/2"]
[WhiteElo "2227"]
[BlackElo "2288"]
[PlyCount "115"]
[EventDate "2003.05.24"]
[EventType "swiss"]
[EventRounds "8"]
[EventCountry "ESP"]
[SourceTitle "EXT 2004"]
[Source "ChessBase"]
[SourceDate "2003.11.25"]
[SourceVersion "1"]
[SourceVersionDate "2003.11.25"]
[SourceQuality "1"]

1. c4 Nf6 2. Nc3 e6 3. g3 d5 4. cxd5 exd5 5. d4 c6 6. Bg2 Bf5 7. Nf3 Bd6 8. Bf4
Bxf4 9. gxf4 O-O 10. Qb3 Qe7 11. Ne5 Na6 12. O-O Rab8 13. Qa4 Qd6 14. Rac1 Nd7
15. Nd1 Nb6 16. Qa5 Rfc8 17. Ne3 Bd7 18. a3 Qf6 19. b4 Qxf4 20. Nxd7 Nxd7 21.
b5 cxb5 22. Rxc8+ Rxc8 23. Qxb5 Nb6 24. Nxd5 Nxd5 25. Qxd5 Rb8 26. Rb1 b6 27.
e3 Qc7 28. Qb5 Qc2 29. Rf1 Nc7 30. Qd7 g6 31. Bc6 Ne6 32. Qxa7 Rc8 33. Bg2 Qb2
34. a4 Rc2 35. Qb8+ Kg7 36. Be4 Rc1 37. Rxc1 Qxc1+ 38. Kg2 Qd1 39. Qe5+ Kg8 40.
Bc6 h6 41. h3 Qc2 42. Qe4 Qc3 43. d5 Nc5 44. Qe7 Nd3 45. Be8 Ne5 46. d6 Qc5 47.
Qf6 Qd5+ 48. Kg3 h5 49. h4 Qe4 50. Qf4 Qd5 51. Qf6 Qe4 52. f3 Qxe3 53. d7 Qg1+
54. Kf4 Qc1+ 55. Ke4 Qc4+ 56. Ke3 Qd3+ 57. Kf2 Qd2+ 58. Kg3 1/2-1/2

[Event "Andalucia-ch"]
[Site "Torremolinos"]
[Date "2003.05.25"]
[Round "8.8"]
[White "Medina Carrasco, Santiago"]
[Black "Cuenca Jimenez, Jose Fernando"]
[Result "0-1"]
[WhiteElo "2205"]
[BlackElo "2227"]
[PlyCount "82"]
[EventDate "2003.05.24"]
[EventType "swiss"]
[EventRounds "8"]
[EventCountry "ESP"]
[SourceTitle "EXT 2004"]
[Source "ChessBase"]
[SourceDate "2003.11.25"]
[SourceVersion "1"]
[SourceVersionDate "2003.11.25"]
[SourceQuality "1"]

1. d4 f5 2. c4 Nf6 3. Nf3 g6 4. b3 Bg7 5. Bb2 O-O 6. g3 d6 7. Bg2 Qe8 8. O-O h6
9. Nc3 g5 10. Nb5 Na6 11. d5 c6 12. Nbd4 Nc7 13. Qc2 cxd5 14. Nd2 e5 15. cxd5
Nfxd5 16. Qc4 e4 17. a4 Qf7 18. Rac1 Bd7 19. g4 fxg4 20. Nxe4 Be5 21. Ng3 Rac8
22. Ndf5 Bxf5 23. Nxf5 Qxf5 24. Bxd5+ Nxd5 25. Qxd5+ Qf7 26. Qxf7+ Kxf7 27.
Bxe5 dxe5 28. Rfd1 Ke7 29. Kg2 Rfd8 30. Rxc8 Rxc8 31. Rd5 Ke6 32. Rb5 b6 33. a5
Rc5 34. Rb4 Rxa5 35. Rxg4 Ra2 36. e3 a5 37. h4 Kf5 38. Rc4 Ra3 39. b4 Ra4 40.
Kf3 Rxb4 41. e4+ Kg6 0-1

[Event "ESP-chT U16"]
[Site "Toledo"]
[Date "2003.06.18"]
[Round "5"]
[White "Cuenca Jimenez, Jose Fernando"]
[Black "Lopez, Carlos1"]
[Result "0-1"]
[WhiteElo "1898"]
[BlackElo "1785"]
[PlyCount "66"]
[EventDate "2003.06.14"]
[EventType "team"]
[EventRounds "5"]
[EventCountry "ESP"]
[SourceTitle "EXT 2004"]
[Source "ChessBase"]
[SourceDate "2003.11.25"]
[SourceVersion "1"]
[SourceVersionDate "2003.11.25"]
[SourceQuality "1"]

1. c4 e6 2. g3 Nf6 3. Nf3 d5 4. Qc2 c6 5. Bg2 Be7 6. O-O O-O 7. d4 Nbd7 8. Nbd2
b6 9. e4 Ba6 10. Re1 Rc8 11. b3 c5 12. exd5 exd5 13. Ba3 Re8 14. dxc5 dxc4 15.
Nxc4 Bxc4 16. Qxc4 Bxc5 17. Rxe8+ Qxe8 18. Re1 Qf8 19. Bxc5 Rxc5 20. Qe2 Rc8
21. Qa6 Rc2 22. Nd4 Rd2 23. Nf3 Rb2 24. Ne5 Nxe5 25. Rxe5 Ng4 26. Re1 g6 27.
Qa4 Qc5 28. Qe8+ Kg7 29. Re2 Rb1+ 30. Bf1 Qc1 31. Kg2 Qxf1+ 32. Kf3 Nxh2+ 33.
Kf4 Qc1+ 0-1

[Event "ESP-ch U16"]
[Site "Mondariz"]
[Date "2003.07.15"]
[Round "2.1"]
[White "Cardona Cervera, Joaquin"]
[Black "Cuenca Jimenez, Jose Fernando"]
[Result "0-1"]
[WhiteElo "2030"]
[BlackElo "2266"]
[PlyCount "92"]
[EventDate "2003.07.15"]
[EventType "swiss"]
[EventRounds "8"]
[EventCountry "ESP"]
[SourceTitle "CBM 095 Extra"]
[Source "ChessBase"]
[SourceDate "2003.09.04"]
[SourceVersion "1"]
[SourceVersionDate "2003.09.04"]
[SourceQuality "1"]

1. e4 d5 2. exd5 Qxd5 3. Nf3 Bg4 4. Be2 Nc6 5. O-O O-O-O 6. c3 e5 7. d4 e4 8.
Nfd2 Bxe2 9. Qxe2 f5 10. Nc4 Nf6 11. Bf4 Rg8 12. Rd1 g5 13. Ne3 Qe6 14. Be5
Nxe5 15. dxe5 Rxd1+ 16. Qxd1 Qxe5 17. Na3 Bxa3 18. Nc4 Qc5 19. Nxa3 e3 20. Qd4
Qxd4 21. cxd4 exf2+ 22. Kxf2 Re8 23. h3 Re4 24. Rd1 Nd5 25. Nc4 Kd7 26. Ne5+
Ke6 27. Nf3 h6 28. a3 Nf4 29. Rd2 Kd5 30. Rc2 Ne6 31. b4 c6 32. Rc3 Nxd4 33.
Rd3 b6 34. Nd2 Re2+ 35. Kf1 Re7 36. g3 c5 37. Nb3 Kc4 38. Nc1 f4 39. gxf4 gxf4
40. bxc5 bxc5 41. Kf2 h5 42. a4 Rb7 43. Rd2 Kc3 44. Rd1 Rb2+ 45. Kg1 c4 46. Rf1
Rc2 0-1

[Event "ESP-ch U16"]
[Site "Mondariz"]
[Date "2003.07.15"]
[Round "3.1"]
[White "Cuenca Jimenez, Jose Fernando"]
[Black "Garcia Mendoza, Francisco"]
[Result "1-0"]
[WhiteElo "2266"]
[BlackElo "2078"]
[PlyCount "71"]
[EventDate "2003.07.15"]
[EventType "swiss"]
[EventRounds "8"]
[EventCountry "ESP"]
[SourceTitle "CBM 095 Extra"]
[Source "ChessBase"]
[SourceDate "2003.09.04"]
[SourceVersion "1"]
[SourceVersionDate "2003.09.04"]
[SourceQuality "1"]

1. c4 e5 2. g3 d6 3. Bg2 g6 4. Nc3 Bg7 5. d3 Ne7 6. e3 Nbc6 7. Rb1 a5 8. a3 Be6
9. Nd5 O-O 10. Ne2 Bxd5 11. cxd5 Nb8 12. O-O Nd7 13. b4 axb4 14. axb4 f5 15.
Qb3 Kh8 16. Bb2 c6 17. dxc6 bxc6 18. Rfc1 d5 19. Nc3 f4 20. exf4 exf4 21. Ne2
fxg3 22. Bxg7+ Kxg7 23. hxg3 Qb6 24. Nf4 Rf6 25. Qb2 Nf5 26. Re1 h5 27. Bh3 d4
28. Bxf5 Rxf5 29. Re7+ Rf7 30. Rxf7+ Kxf7 31. Qb3+ Kg7 32. Re1 Nf8 33. Re7+ Kh6
34. Qf7 Qxb4 35. Nh3 h4 36. Qf4+ 1-0

[Event "ESP-ch U16"]
[Site "Mondariz"]
[Date "2003.07.16"]
[Round "4.1"]
[White "Oms Fuentes, Lluis"]
[Black "Cuenca Jimenez, Jose Fernando"]
[Result "0-1"]
[WhiteElo "2126"]
[BlackElo "2266"]
[PlyCount "104"]
[EventDate "2003.07.15"]
[EventType "swiss"]
[EventRounds "8"]
[EventCountry "ESP"]
[SourceTitle "CBM 095 Extra"]
[Source "ChessBase"]
[SourceDate "2003.09.04"]
[SourceVersion "1"]
[SourceVersionDate "2003.09.04"]
[SourceQuality "1"]

1. e4 c5 2. c3 g6 3. d4 cxd4 4. cxd4 d5 5. exd5 Nf6 6. Bb5+ Nbd7 7. Nc3 a6 8.
Ba4 Bg7 9. d6 exd6 10. Qe2+ Qe7 11. Bf4 Qxe2+ 12. Ngxe2 Ke7 13. O-O-O b5 14.
Bb3 Nb6 15. Ng3 b4 16. Rhe1+ Kd7 17. Nce4 Nfd5 18. Bxd6 a5 19. Nf1 a4 20. Bxd5
Nxd5 21. Be5 f6 22. Bg3 a3 23. Ne3 Bh6 24. Kb1 Bxe3 25. fxe3 axb2 26. Kxb2 Re8
27. Nc5+ Kc6 28. e4 Nc3 29. Ra1 f5 30. exf5 Bxf5 31. a3 Nb5 32. axb4 Rxa1 33.
Rxe8 Rb1+ 34. Ka2 Nc3+ 35. Ka3 Nb5+ 36. Ka2 Rxb4 37. Be1 Rxd4 38. Nb3 Re4 39.
Rxe4 Bxe4 40. g3 Bd5 41. Bf2 Bxb3+ 42. Kxb3 Kd5 43. Kc2 Ke4 44. Kd2 Kf3 45. Bc5
Nc7 46. Ke1 Kg2 47. Ke2 Ne6 48. Be3 h5 49. Ke1 g5 50. Ke2 g4 51. Bf4 h4 52. Bb8
h3 0-1

[Event "ESP-ch U16"]
[Site "Mondariz"]
[Date "2003.07.17"]
[Round "5.1"]
[White "Cuenca Jimenez, Jose Fernando"]
[Black "Camacho Collados, Jose"]
[Result "1-0"]
[WhiteElo "2266"]
[BlackElo "2093"]
[PlyCount "53"]
[EventDate "2003.07.15"]
[EventType "swiss"]
[EventRounds "8"]
[EventCountry "ESP"]
[SourceTitle "CBM 095 Extra"]
[Source "ChessBase"]
[SourceDate "2003.09.04"]
[SourceVersion "1"]
[SourceVersionDate "2003.09.04"]
[SourceQuality "1"]

1. c4 Nf6 2. Nf3 g6 3. Nc3 d5 4. cxd5 Nxd5 5. g3 Bg7 6. Bg2 O-O 7. O-O c6 8. d4
Bf5 9. Nxd5 Qxd5 10. Ne5 Qe6 11. Bf4 Rd8 12. e4 g5 13. exf5 Qxf5 14. Bd2 Rxd4
15. Nf3 Rd3 16. Qe2 Na6 17. Nxg5 Rad8 18. Bf4 Nc5 19. Rac1 R3d4 20. Be3 Nd3 21.
Bxd4 Bxd4 22. Nf3 Bxf2+ 23. Kh1 Nxc1 24. Rxc1 Bb6 25. Qxe7 Qd3 26. Rf1 Rd5 27.
Ne5 1-0

[Event "ESP-ch U16"]
[Site "Mondariz"]
[Date "2003.07.17"]
[Round "6.1"]
[White "Pallardo Lozoya, Jose Vicente"]
[Black "Cuenca Jimenez, Jose Fernando"]
[Result "0-1"]
[WhiteElo "2115"]
[BlackElo "2266"]
[PlyCount "96"]
[EventDate "2003.07.15"]
[EventType "swiss"]
[EventRounds "8"]
[EventCountry "ESP"]
[SourceTitle "CBM 095 Extra"]
[Source "ChessBase"]
[SourceDate "2003.09.04"]
[SourceVersion "1"]
[SourceVersionDate "2003.09.04"]
[SourceQuality "1"]

1. e4 c5 2. Nc3 g6 3. g3 Bg7 4. Bg2 Nc6 5. d3 d6 6. Be3 b6 7. Qd2 Bb7 8. f4 Qd7
9. Nf3 f5 10. O-O Nf6 11. h3 O-O 12. Rae1 e6 13. e5 Ne8 14. Ng5 Nc7 15. exd6
Qxd6 16. Kh2 Rae8 17. Rf2 h6 18. Nf3 Ba8 19. Qc1 Rf7 20. Ne2 Nd5 21. Bd2 Kh7
22. Nc3 Nc7 23. Ne2 Rfe7 24. a3 a5 25. Qb1 a4 26. Bc3 e5 27. fxe5 Nxe5 28. Nxe5
Bxe5 29. Nf4 Bxf4 30. Rxe7+ Rxe7 31. gxf4 Bxg2 32. Be5 Qd5 33. Rxg2 Ne6 34. Qg1
Ng5 35. Rxg5 hxg5 36. Qxg5 Rxe5 37. fxe5 Qxe5+ 38. Qg3 Qxg3+ 39. Kxg3 g5 40. h4
Kg6 41. hxg5 Kxg5 42. b3 axb3 43. cxb3 Kf6 44. Kf4 Ke6 45. b4 cxb4 46. axb4 b5
47. Kf3 Kd5 48. Ke3 f4+ 0-1

[Event "ESP-ch U16"]
[Site "Mondariz"]
[Date "2003.07.18"]
[Round "7.1"]
[White "Cuenca Jimenez, Jose Fernando"]
[Black "Larino Nieto, David"]
[Result "1-0"]
[WhiteElo "2266"]
[BlackElo "2171"]
[PlyCount "115"]
[EventDate "2003.07.15"]
[EventType "swiss"]
[EventRounds "8"]
[EventCountry "ESP"]
[SourceTitle "CBM 095 Extra"]
[Source "ChessBase"]
[SourceDate "2003.09.04"]
[SourceVersion "1"]
[SourceVersionDate "2003.09.04"]
[SourceQuality "1"]

1. c4 e6 2. Nf3 Nf6 3. g3 d5 4. Bg2 Be7 5. O-O O-O 6. d4 c5 7. cxd5 exd5 8. Nc3
Nc6 9. Bg5 cxd4 10. Nxd4 h6 11. Be3 Bg4 12. Qa4 Na5 13. Rad1 Nc4 14. Bc1 Nb6
15. Qb3 Qd7 16. a4 Rac8 17. Bf4 Rc4 18. Nf3 Rb4 19. Qa2 Be6 20. Rd4 a5 21. b3
Bf5 22. Nb5 Bh3 23. Rxb4 Bxg2 24. Kxg2 axb4 25. Rc1 Na8 26. Nfd4 Ne4 27. f3 Ng5
28. Qc2 Ne6 29. Be3 Re8 30. Qd2 Bf8 31. Bf2 h5 32. Nc2 Qd8 33. Rd1 Qe7 34. Ne3
Nac7 35. Nxc7 Nxc7 36. Nxd5 Nxd5 37. Qxd5 Rc8 38. Rd2 h4 39. Qd7 Qxd7 40. Rxd7
Rc2 41. Rxb7 Rxe2 42. Kf1 hxg3 43. hxg3 Rb2 44. a5 Ra2 45. Bb6 Bd6 46. Rd7 Bxg3
47. Rd4 Ra1+ 48. Ke2 Ra2+ 49. Kd3 Be1 50. Rd8+ Kh7 51. Kc4 Ra3 52. Rd1 Bc3 53.
Rb1 Kg6 54. Kb5 Kf5 55. a6 Kf4 56. a7 Rxa7 57. Bxa7 f6 58. Rf1 1-0